| 000 | 00513cam a22001097a 4500 | ||
|---|---|---|---|
| 008 | 180718b xxu||||| |||| 00| 0 eng d | ||
| 082 | _aB136x54 In2/E | ||
| 245 |
_aExtension education in community development _cby Directorate of Extension, Ministry of Food and Agriculture |
||
| 260 |
_aNew Delhi _bDirectorate of Extension, Ministry of Food and Agriculture _c |
||
| 500 | _aContents : Library has 1960, 1961 | ||
| 700 | _aIndia. Ministry of Food and Agriculture, Directorate of Extension, Ministry of Food and Agriculture | ||
| 999 |
_c392615 _d392615 |
||